|
|
|
|
| LEADER |
00000nas1a2200000 4500 |
| 001 |
379897 |
| 005 |
20231101062633.0 |
| 011 |
|
|
|a 0034-2599
|
| 035 |
|
|
|a (RuTPU)RU\TPU\prd\384
|
| 035 |
|
|
|a PERI00000384
|
| 090 |
|
|
|a 379897
|
| 100 |
|
|
|a 20011210a19639999k y0rusy50 ca
|
| 101 |
0 |
|
|a rus
|
| 102 |
|
|
|a RU
|
| 110 |
|
|
|a afad|||0uu0
|
| 200 |
1 |
|
|a Технология машиностроения
|e реферативный журнал
|f ВИНИТИ
|
| 210 |
|
|
|a М.
|d 1963-2002
|
| 300 |
|
|
|a С 2003 г. см в ЭЧЗ, на электронном носителе
|
| 326 |
|
|
|a 12 номеров в год
|
| 430 |
|
0 |
|0 (RuTPU)RU\TPU\prd\954
|x 0034-2599
|t Машиностроение
|o реферативный журнал
|f ВИНИТИ
|c М.
|d 1956-1962
|
| 610 |
1 |
|
|a машиностроение
|
| 610 |
1 |
|
|a станки
|
| 610 |
1 |
|
|a инструменты
|
| 610 |
1 |
|
|a литейное производство
|
| 610 |
1 |
|
|a механо-сборочное производство
|
| 610 |
1 |
|
|a реферативные журналы
|
| 712 |
0 |
2 |
|a Всероссийский институт научной и технической информации
|
| 801 |
|
0 |
|a RU
|b 63413507
|c 20011210
|g PSBO
|
| 801 |
|
2 |
|a RU
|b 63413507
|c 20161226
|g PSBO
|
| 942 |
|
|
|c CR
|